[Event "TCh-MNE 1st League"]
[Site "Tivat MNE"]
[Date "2011.10.09"]
[Round "2.3"]
[White "Pecurica,M"]
[Black "Mrsevic,M"]
[Result "1/2-1/2"]
[WhiteElo "2149"]
[BlackElo "2259"]

1.d4 f5 2.Nf3 Nf6 3.g3 g6 4.Bg2 Bg7 5.O-O O-O 6.c4 d6 7.Nc3 Qe8 8.d5 Na6
9.Be3 c5 10.Rc1 h6 11.Ne1 g5 12.Nd3 Qh5 13.Bd2 f4 14.gxf4 Bh3 15.e3 Ng4 16.Qf3 Bxg2
17.Qxg2 Nb4 18.Nxb4 cxb4 19.Ne4 gxf4 20.exf4 Kh8 21.h3 Nf6 22.Ng3 Qf7 23.Bxb4 Nh5
24.Bd2 Rg8 25.Kh2 Raf8 26.Qf3 Nxf4 27.Qxf4 Qxf4 28.Bxf4 Rxf4 29.Nh5 Rf5 30.Nxg7 Rxg7
31.Rc3 Rgf7 32.f3 Re5 33.Kg2 Rf4 34.Kf2 Rd4 35.Rc2 b5 36.b3 bxc4 37.bxc4 Rd3
38.Rg1 h5 39.h4 Kh7 40.Kg3 Re4 41.Rgg2 Rg4+ 42.Kf2 Rf4 43.Rg3 Rdd4 44.Re2 Rf7
45.Rg5 Rxh4 46.Kg3 Rxc4 47.Rxh5+ Kg8 48.Re4 Rg7+ 49.Kf4 Rc5 50.Rf5 Ra5 51.a4 Rc5
52.Ke3 Rc3+ 53.Kf4 a5 54.Rd4 Rg1 55.Re4 Rg7 56.Rd4 Rb3 57.Re4 Rh7 58.Kg4 Rb1
59.Rg5+ Kf8 60.f4 Rf7 61.Rc4 Rg1+ 62.Kh5 Rh1+ 63.Kg4 Rf6 64.Kf3 Rf1+  1/2-1/2

[Event "II Oliver Gonzalez Memorial"]
[Site "Madrid ESP"]
[Date "2011.10.14"]
[Round "7.4"]
[White "Moreno Trujillo,A"]
[Black "Valles Moreno,I"]
[Result "1-0"]
[WhiteElo "2473"]
[BlackElo "2394"]

1.d4 f5 2.g3 Nf6 3.Bg2 g6 4.Nf3 Bg7 5.O-O O-O 6.c4 d6 7.Nc3 e6 8.b3 Qe7 9.Ba3 Nc6
10.e3 a5 11.Ne5 Nb4 12.Nd3 c5 13.Na4 Nd7 14.Bb2 e5 15.dxe5 dxe5 16.Nxb4 axb4
17.a3 Ra6 18.axb4 cxb4 19.Qd5+ Kh8 20.Rad1 Rxa4 21.bxa4 Nc5 22.Qd6 Qxd6 23.Rxd6 Nxa4
24.Ba1 f4 25.Rb1 f3 26.Bf1 Re8 27.c5 Nxc5 28.Rxb4 Bf5 29.Rb5 Ne4 30.Rd1 h5
31.Rxb7 Ra8 32.Bb2 Ra5 33.Bd3 Nc5 34.Rb8+ Kh7 35.Bxf5 gxf5 36.Ra1 Rxa1+ 37.Bxa1 Kg6
38.Rb6+ Kf7 39.Rc6 Nd3 40.Rd6 Nb4 41.Bc3 Na2 42.Bd2 e4 43.Rc6 Bf8 44.Rc4 h4
45.Ra4 hxg3 46.hxg3  1-0

[Event "XXIX Balaton Open A"]
[Site "Heviz HUN"]
[Date "2011.10.21"]
[Round "4"]
[White "Banusz,T"]
[Black "Pap,G"]
[Result "1-0"]
[WhiteElo "2552"]
[BlackElo "2492"]

1.Nf3 g6 2.c4 f5 3.d4 Nf6 4.g3 Bg7 5.Bg2 O-O 6.O-O d6 7.b4 e5 8.dxe5 dxe5
9.Bb2 e4 10.Nd4 Na6 11.b5 Nc5 12.Nc3 Qe7 13.Nb3 Be6 14.Ba3 b6 15.Qc2 a6 16.Nxc5 bxc5
17.Na4 Nd7 18.Bb2 Bxb2 19.Nxb2 axb5 20.cxb5 Rxa2 21.Rxa2 Bxa2 22.Nc4 Bxc4
23.Qxc4+ Qf7 24.Qc3 Qd5 25.Rc1 Rb8 26.e3 Ne5 27.Qxc5 Qxc5 28.Rxc5 Nd3 29.Rxc7 Rxb5
30.Bf1 Rb1 31.h4 Ne5 32.Rc5 Nf3+ 33.Kg2 Kg7 34.Rc7+ Kh6 35.Rd7 Rb2 36.Rd1 Kh5
37.Ba6 Rc2 38.Bb5 Kg4 39.Bd7 Ne5 40.Ba4 Ra2 41.Rd5 Nf3 42.Bd1 h6 43.Rd4 Kh5
44.Bxf3+ exf3+ 45.Kxf3 g5 46.Rd5 g4+ 47.Kg2 Kg6 48.Rd6+ Kg7 49.h5 Rb2 50.Rc6 Rb4
51.Rg6+ Kh7 52.Rf6 Rb5 53.Rf7+ Kg8 54.Rd7 Ra5 55.Re7 Kf8 56.Re6 Kg7 57.e4 fxe4
58.Rg6+ Kh7 59.Rxg4 Re5 60.Kf1 e3 61.f3 e2+ 62.Ke1 Re3 63.f4 Re4 64.Rg6 Re3
65.g4 Re4 66.f5 Re3 67.f6 Re4 68.Rg7+ Kh8 69.g5 hxg5 70.h6 Re8 71.f7 Rf8
72.Kxe2 g4 73.Kf2 g3+ 74.Kxg3 Ra8 75.Rg5 Ra3+ 76.Kg4 Ra4+ 77.Kh5 Rf4 78.Kg6 Rf1
79.Rf5 Rg1+ 80.Kf6 Rg6+ 81.Ke7 Kh7 82.f8=N+  1-0

[Event "26th Le Touquet Open"]
[Site "Le Touquet FRA"]
[Date "2011.10.24"]
[Round "3.2"]
[White "Bernard,Ch1"]
[Black "Koziak,V"]
[Result "0-1"]
[WhiteElo "2327"]
[BlackElo "2493"]

1.d4 f5 2.g3 Nf6 3.Bg2 g6 4.Nf3 Bg7 5.O-O O-O 6.c4 d6 7.Nc3 Nc6 8.b3 Ne4
9.Bb2 e5 10.dxe5 Nxc3 11.Bxc3 dxe5 12.Qd5+ Kh8 13.Qxd8 Rxd8 14.Ng5 Re8 15.Bxc6 bxc6
16.Rfd1 Kg8 17.f4 exf4 18.Bxg7 Kxg7 19.gxf4 h6 20.Nf3 Rxe2 21.Rd8 Re4 22.Re1 Rxf4
23.Re7+ Kf6 24.Rxc7 Rxf3 25.Rxc6+ Kg5 26.Rcxc8 Rxc8 27.Rxc8 Rc3 28.Re8 Rc2
29.a4 Rc3 30.Ra8 Kf4 31.Rxa7 Kf3 32.h4 Kg3 33.Kf1 Rxb3 34.a5 f4 35.Rg7 Rb1+
36.Ke2 f3+ 37.Ke3 Re1+ 38.Kd2 f2 39.Rxg6+ Kxh4  0-1

[Event "26th Le Touquet Open"]
[Site "Le Touquet FRA"]
[Date "2011.10.26"]
[Round "7.7"]
[White "Drogou,G"]
[Black "Song,Ju"]
[Result "0-1"]
[WhiteElo "2063"]
[BlackElo "2314"]

1.d4 f5 2.Nf3 Nf6 3.g3 g6 4.Bg2 Bg7 5.O-O O-O 6.c4 d6 7.Nc3 c6 8.b3 a5 9.Qc2 Na6
10.a3 Qc7 11.e4 e5 12.dxe5 dxe5 13.Bb2 Nc5 14.Nd2 Ne6 15.Ne2 f4 16.Nf3 Nd7
17.Bh3 Ndc5 18.b4 axb4 19.axb4 Rxa1 20.Bxa1 Na6 21.Bxe6+ Bxe6 22.Qc3 Bh3
23.Re1 fxg3 24.Nxg3 Qf7 25.Re3 Bg4 26.Kg2 Nxb4 27.h3 Bxf3+ 28.Rxf3 Qxf3+
29.Qxf3 Rxf3 30.Kxf3 Nc2 31.Bc3 Na3 32.c5 Nb5 33.Ne2 Nxc3 34.Nxc3 Bf8 35.Na4 Kf7
36.Kg4 h5+ 37.Kg5 Be7+ 38.Kh6 Bh4 39.f3 Bf2 40.Kg5 Be3+ 41.Kh4 Bf4 42.Nb2 Kg7
43.Nd3 Kh6 44.Nxf4 exf4  0-1

[Event "12th Liberec Open"]
[Site "Liberec CZE"]
[Date "2011.10.26"]
[Round "5"]
[White "Klecker,T"]
[Black "Sivuk,V"]
[Result "0-1"]
[WhiteElo "2191"]
[BlackElo "2436"]

1.d4 f5 2.c4 Nf6 3.Nf3 g6 4.g3 Bg7 5.Bg2 O-O 6.O-O d6 7.Nc3 c6 8.b3 Qa5 9.Bd2 Qc7
10.d5 Na6 11.Rc1 Nc5 12.Be3 Nce4 13.Nxe4 Nxe4 14.Nd4 c5 15.Ne6 Bxe6 16.dxe6 Nf6
17.Qd3 Rab8 18.Bg5 Ng4 19.e4 Bd4 20.Qe2 Ne5 21.h4 Nc6 22.Kh1 Bf6 23.Be3 Nd4
24.Bxd4 Bxd4 25.exf5 Rxf5 26.f4 Rf6 27.Bd5 Qa5 28.a4 a6 29.Qd3 b5 30.axb5 axb5
31.cxb5 Qxb5 32.Rc4 Rf5 33.Be4 Rf6 34.Rb1 Kg7 35.Bd5 Rf5 36.Qe4 h5 37.Ra4 Qb6
38.Rc1 Bf6 39.Qc4 Rxd5 40.Qxd5 Qxb3 41.Qxb3 Rxb3 42.Kg2 Re3 43.Kf2 Bd4 44.Rxd4 cxd4
45.Rd1 Re4 46.Kf3 d5 47.g4 hxg4+ 48.Kxg4 Kf6 49.Rh1 Kxe6 50.Kg5 Kf7 51.h5 gxh5
52.Rxh5 d3 53.Rh1 Ke6 54.Kg4 Re3 55.Ra1 d2 56.Rd1 Rd3 57.Kg5 d4 58.f5+ Ke5
59.Kg6 Ke4 60.Kf7 Kxf5  0-1

[Event "Chinese League"]
[Site "Qingdao CHN"]
[Date "2011.10.26"]
[Round "13"]
[White "Zhou Jianchao"]
[Black "Nguyen Ngoc Truong Son"]
[Result "1/2-1/2"]
[WhiteElo "2660"]
[BlackElo "2635"]

1.d4 f5 2.Nf3 Nf6 3.g3 g6 4.Bg2 Bg7 5.O-O O-O 6.c4 c6 7.Nc3 d6 8.Qc2 Na6
9.Rb1 Nc7 10.b4 Be6 11.Nd2 Rc8 12.Bb2 Qd7 13.Qd3 d5 14.cxd5 cxd5 15.Rbc1 Ne4
16.Nf3 Qd6 17.Nb5 Nxb5 18.Qxb5 Qd7 19.Qa5 a6 20.e3 Rxc1 21.Rxc1 Rc8 22.Rxc8+ Qxc8
23.Qa4 Bd7 24.Qb3 e6 25.Ne5 Be8 26.f3 Nd6 27.Qc3 Qxc3 28.Bxc3 Bb5 29.Kf2 Bf6
30.h4 Kf8 31.Bf1 Ke8 32.Be2 Bxe2 33.Kxe2 Nb5 34.Be1 Bxe5 35.dxe5 Na7 36.Bc3 b5  1/2-1/2

[Event "1st Central Asia Cup"]
[Site "Tashkent UZB"]
[Date "2011.10.26"]
[Round "9.2"]
[White "Kasimdzhanov,R"]
[Black "Dzhumaev,M"]
[Result "1-0"]
[WhiteElo "2678"]
[BlackElo "2492"]

1.d4 f5 2.Nf3 Nf6 3.g3 g6 4.Bg2 Bg7 5.O-O O-O 6.c4 d6 7.Nc3 Qe8 8.b3 e5 9.dxe5 dxe5
10.e4 Nc6 11.Nd5 Nxd5 12.cxd5 fxe4 13.Ng5 Nd4 14.Ba3 e3 15.fxe3 Rxf1+ 16.Qxf1 Nc2
17.d6 Nxe3 18.Qe2 e4 19.Rc1 Bd4 20.Bb2 Qe5 21.Bxd4 Qxd4 22.Qf2 Bf5 23.dxc7 Rc8
24.g4 Nc2 25.Qxd4 Nxd4 26.Rd1 e3 27.Rxd4 Rxc7 28.Bd5+  1-0

[Event "TCh-HUN 2011-12"]
[Site "Decs HUN"]
[Date "2011.11.13"]
[Round "3"]
[White "Gonda,L"]
[Black "Toth,E"]
[Result "1-0"]
[WhiteElo "2520"]
[BlackElo "2472"]

1.g3 g6 2.Bg2 f5 3.d4 Nf6 4.Nf3 Bg7 5.O-O O-O 6.c4 d6 7.Nc3 Na6 8.b3 c6 9.Bb2 Bd7
10.a3 Qe8 11.d5 c5 12.Qd2 h6 13.Rfe1 b5 14.e4 fxe4 15.Nxe4 Qb8 16.Nh4 Be8
17.Nxf6+ exf6 18.Re7 bxc4 19.bxc4 Qb3 20.Rae1 Bf7 21.Bf1 Rfe8 22.Bd3 Rxe7
23.Rxe7 f5 24.Bxg7 Kxg7 25.Bxf5 g5 26.Be6 Rf8 27.Nf5+ Kf6 28.Qe1  1-0

[Event "2nd Brno Open"]
[Site "Brno CZE"]
[Date "2011.11.16"]
[Round "6"]
[White "Vavra,P1"]
[Black "Potapov,Alexa1"]
[Result "1-0"]
[WhiteElo "2389"]
[BlackElo "2396"]

1.d4 f5 2.g3 Nf6 3.Bg2 g6 4.Nf3 Bg7 5.O-O O-O 6.c4 d6 7.Nc3 Nc6 8.d5 Ne5
9.Nxe5 dxe5 10.e4 f4 11.gxf4 exf4 12.Bxf4 Nxe4 13.Qc1 Nxc3 14.bxc3 Bg4 15.Qe3 Qd7
16.Rab1 b6 17.c5 Rac8 18.c6 Qf5 19.Rb4 Bf6 20.h3 Bh5 21.Be4 Qxf4 22.Qxf4 Bxc3
23.Qh4 Bxb4 24.Bxg6 hxg6 25.Qxb4 Rf7 26.f4 Rd8 27.Qe4 Rd6 28.Qe5 Kh7 29.Kg2 Kg8
30.f5 gxf5 31.Rxf5 Rg6+ 32.Kh2 Rfg7 33.Qe4 Rh6 34.Qf4 Kh7 35.Rg5 Rf7 36.Qxc7 Bf3
37.Qd8 Rhf6 38.c7 Be4 39.Qe8 Kh6 40.c8=Q Rf2+ 41.Kg3 R7f3+ 42.Kh4  1-0

[Event "TCh-FIN SM-Liiga 2011-12"]
[Site "Tampere FIN"]
[Date "2011.11.19"]
[Round "5.3"]
[White "Tella,J"]
[Black "Karttunen,M"]
[Result "0-1"]
[WhiteElo "2429"]
[BlackElo "2423"]

1.d4 f5 2.Nf3 Nf6 3.g3 g6 4.Bg2 Bg7 5.O-O O-O 6.c4 d6 7.Nc3 Qe8 8.b3 h6 9.Bb2 g5
10.d5 Qh5 11.Nd4 f4 12.Ne6 Bxe6 13.dxe6 Ng4 14.h3 fxg3 15.fxg3 Rxf1+ 16.Bxf1 Ne3
17.Qd3 Nc6 18.Na4 Bxb2 19.Nxb2 Nxf1 20.Rxf1 Ne5 21.Qf5 Qxe2 22.Rf2 Qh5 23.c5 Qg6
24.Qxg6+ Nxg6 25.cxd6 cxd6 26.Nc4 Nf8 27.Re2 Rc8 28.Kg2 b5 29.Nxd6 exd6 30.e7 Re8
31.exf8=Q+ Kxf8 32.Rd2 Ke7 33.Kf3 Kd7 34.a4 b4 35.a5 Rc8 36.Kg4 Rc3 37.Rf2 Ke6
38.Re2+ Kf6 39.Rd2 Ke6 40.Re2+ Kd7 41.Rf2 Kc6 42.a6 h5+ 43.Kxh5 Rxg3 44.Rf7 Rxh3+
45.Kxg5 Rxb3 46.Rxa7 Ra3 47.Kf4 Kd5 48.Ra8 Kd4 49.Rb8 b3 50.Kf3 b2+ 51.Ke2 Kc3  0-1

[Event "21st World Seniors"]
[Site "Rijeka CRO"]
[Date "2011.11.22"]
[Round "7.23"]
[White "Pritchett,C"]
[Black "Golcman,E"]
[Result "1/2-1/2"]
[WhiteElo "2343"]
[BlackElo "2250"]

1.Nf3 f5 2.c4 Nf6 3.g3 g6 4.Bg2 Bg7 5.O-O O-O 6.d4 d6 7.Nc3 Nc6 8.d5 Na5
9.Qa4 c5 10.dxc6 Nxc6 11.Rd1 Qa5 12.Qxa5 Nxa5 13.Nd5 Nxd5 14.cxd5 Bd7 15.Nd4 Rac8
16.b3 Kf7 17.Be3 Rc7 18.Rac1 Rfc8 19.Rxc7 Rxc7 20.Bf3 Bf6 21.h4 Be5 22.Kg2 b6
23.h5 Kf6 24.hxg6 hxg6 25.Rh1 g5 26.Ne6 Bxe6 27.dxe6 f4 28.gxf4 gxf4 29.Rc1 Rxc1
30.Bxc1 Kxe6 31.Ba8 Kf5 32.Kf3 e6 33.Be4+ Kg5 34.Ba8 Kf5 35.Be4+ Kg5 36.Ba8  1/2-1/2

[Event "21st World Seniors"]
[Site "Rijeka CRO"]
[Date "2011.11.26"]
[Round "11.19"]
[White "Hammar,B"]
[Black "Kuyindzhi,A"]
[Result "1/2-1/2"]
[WhiteElo "2256"]
[BlackElo "2435"]

1.d4 f5 2.Nf3 Nf6 3.g3 g6 4.Bg2 Bg7 5.c4 O-O 6.O-O c6 7.Nc3 d6 8.Re1 Na6
9.b3 Qe8 10.Ba3 Nc7 11.Qc2 Bd7 12.Rad1 Rd8 13.Nh4 Qf7 14.f4 Bc8 15.e4 fxe4
16.Nxe4 Nxe4 17.Rxe4 Bf6 18.Qe2 Qg7 19.Nf3 Rfe8 20.h3 b6 21.g4 Qf8 22.Re1 c5
23.dxc5 bxc5 24.Bb2 Bb7 25.Re3 Bxb2 26.Qxb2 e6 27.Ng5 Qxf4 28.Nxe6 Rxe6 29.Rxe6 Nxe6
30.Rxe6 Bxg2 31.Qxg2 Rf8 32.Re4 Qf6 33.Qe2 Rf7 34.Kg2 Kg7 35.Re6 Qd4 36.Re4 Qf6
37.Re6 Qd4 38.Re4  1/2-1/2

[Event "X Mario Covas"]
[Site "Santos BRA"]
[Date "2011.11.29"]
[Round "6.3"]
[White "Molina,Rob"]
[Black "Rodriguez Vila,A"]
[Result "0-1"]
[WhiteElo "2418"]
[BlackElo "2481"]

1.d4 f5 2.g3 g6 3.Bg2 Bg7 4.Nf3 Nf6 5.O-O O-O 6.c4 d6 7.Nc3 h6 8.Re1 g5 9.e4 fxe4
10.Nxe4 Nxe4 11.Rxe4 Bf5 12.Re1 Qd7 13.Qb3 Nc6 14.d5 Na5 15.Qb4 b6 16.Be3 Bh3
17.Rac1 Bxg2 18.Kxg2 c5 19.Qa3 Qf5 20.Nd2 e6 21.dxe6 Rae8 22.b4 cxb4 23.Qxb4 Rxe6
24.Qb1 Qf7 25.Qd3 Nc6 26.h3 Nb4 27.Qb3 Nc6 28.Qd3 Kh8 29.a3 Qb7 30.Kg1 Qd7
31.Kh2 Re5 32.Rcd1 Ref5 33.Re2 g4 34.hxg4 Ne5 35.Qe4 Nxg4+ 36.Kg1 Re5 37.Qd3 Qf7
38.Bf4 Qh5 39.f3 Rxe2 40.Nf1 Qc5+  0-1

[Event "25th Belgrade Trophy"]
[Site "Obrenovac SRB"]
[Date "2011.11.30"]
[Round "7.1"]
[White "Ernst,S"]
[Black "Pancevski,F"]
[Result "1-0"]
[WhiteElo "2593"]
[BlackElo "2442"]

1.Nf3 g6 2.d4 f5 3.g3 Nf6 4.Bg2 Bg7 5.O-O O-O 6.c4 d6 7.Nc3 Qe8 8.Re1 Qf7
9.e4 Nxe4 10.Nxe4 fxe4 11.Rxe4 Nc6 12.Qe2 e5 13.dxe5 dxe5 14.Ng5 Qe8 15.Rh4 h6
16.Bd5+ Kh8 17.Bxc6 Qxc6 18.Ne4 Kh7 19.Bxh6 Bxh6 20.Ng5+ Kg8 21.Rxh6 Qf6
22.Qe4 Qxf2+ 23.Kh1  1-0

[Event "X Mario Covas"]
[Site "Santos BRA"]
[Date "2011.12.01"]
[Round "8.4"]
[White "Mareco,S"]
[Black "Rodriguez Vila,A"]
[Result "1/2-1/2"]
[WhiteElo "2583"]
[BlackElo "2481"]

1.d4 f5 2.c4 Nf6 3.Nf3 g6 4.g3 Bg7 5.Bg2 O-O 6.O-O d6 7.Nc3 c6 8.Rb1 a5 9.Qb3 Nh5
10.Na4 Ra6 11.c5+ d5 12.Bd2 f4 13.e4 Kh8 14.Rbe1 fxg3 15.fxg3 Nf6 16.e5 Ne4
17.Bf4 Ra7 18.Ng5 Nxg5 19.Bxg5 Re8 20.Nc3 Nd7 21.Kh1 Nf8 22.Be3 Bf5 23.Na4 Qd7
24.Rf2 Bh3 25.Bf3 Bg4 26.Ref1 Bxf3+ 27.Rxf3 Kg8 28.Kg2 Qg4 29.h3 Qe6 30.Qc2 Nd7
31.Qd2 Raa8 32.g4 Rf8 33.Rxf8+ Rxf8 34.Rxf8+ Nxf8 35.Qxa5 h5 36.Kg3 Bxe5+
37.dxe5 Qxe5+ 38.Kf2 d4 39.Bh6 hxg4 40.Qd8 Qh2+ 41.Ke1 Qg1+ 42.Ke2 Qg2+ 43.Ke1 Qg1+
44.Ke2 d3+ 45.Kd2 Qf2+ 46.Kc3 d2 47.Qxd2 g3 48.Be3 Qf3 49.Kc2 Ne6 50.Nc3 Qf5+
51.Qd3 g2 52.Qxf5 gxf5 53.Ne2 f4 54.Bf2 Kf7 55.Kd3 Kf6 56.Ke4 Ng5+ 57.Kxf4 Nxh3+
58.Kg3 Nxf2 59.Kxf2 Ke5 60.Kxg2 Ke4 61.Ng3+ Kd3 62.Kf3 Kc2 63.Nf5 Kxb2 64.Nxe7 Kc3
65.Ke3 Kc4 66.Kd2 Kxc5 67.Kc3 Kb5 68.Kb3 c5 69.Nc8 Ka5 70.Nd6 b5 71.Ne4 c4+
72.Kb2 Kb4 73.Nc3 Kc5 74.Ne4+ Kd4 75.Nd6 b4  1/2-1/2

[Event "Arab Games Blitz Women"]
[Site "Doha QAT"]
[Date "2011.12.10"]
[Round "1"]
[White "Emhemed,Inas"]
[Black "Latreche,S"]
[Result "0-1"]
[WhiteElo "1486"]
[BlackElo "1995"]

1.d4 f5 2.Nf3 Nf6 3.g3 g6 4.Bg2 Bg7 5.O-O O-O 6.c4 d6 7.Nc3 a6 8.Bg5 h6 9.Bd2 Qe8
10.e3 Kh7 11.Qc2 Nbd7 12.Rfd1 Rb8 13.b3 e5 14.dxe5 Nxe5 15.Nxe5 Qxe5 16.Nd5 c6
17.Bc3 Qe6 18.Nxf6+ Bxf6 19.Bxf6 Qxf6 20.Rac1 Rd8 21.Rd3 Be6 22.Rcd1 Bf7
23.Qd2 d5 24.cxd5 cxd5 25.Rxd5 Bxd5 26.Bxd5 Rbc8 27.Qe2 Rc7 28.Bg8+ Rxg8
29.Qf3 Rd8 30.Rxd8 Qxd8 31.a3 Rc1+ 32.Kg2 Qd1 33.Qxd1 Rxd1 34.b4 Ra1 35.Kf3 Rxa3
36.h3 Rb3 37.Kg2 Rxb4 38.h4 a5  0-1

[Event "TCh-CZE Liga1 Vychod"]
[Site "Czech Rep CZE"]
[Date "2011.12.11"]
[Round "5"]
[White "Jedlicka,A"]
[Black "Jakubiec,E"]
[Result "0-1"]
[WhiteElo "2262"]
[BlackElo "2215"]

1.d4 f5 2.g3 Nf6 3.Bg2 g6 4.Nf3 Bg7 5.O-O O-O 6.c4 d6 7.Nc3 e6 8.Rb1 Qe7
9.b4 e5 10.dxe5 dxe5 11.Nd5 Nxd5 12.Qxd5+ Kh8 13.Bg5 Qe8 14.Qd2 f4 15.gxf4 h6
16.fxe5 hxg5 17.Qxg5 Rf5 18.Qg3 Bxe5 19.Nxe5 Rxe5 20.Rbd1 Nd7 21.e4 Nf8 22.f4 Rh5
23.f5 gxf5 24.Qxc7 Rh7 25.Qf4 Bd7 26.exf5 Bc6 27.Rfe1 Qh5 28.Bxc6 bxc6 29.Rd3 Re8
30.Rxe8 Qxe8 31.Kf2 Nd7 32.Re3 Qh5 33.Ke1 Rg7 34.Kd2 Nf6 35.Kc3 Rd7 36.Rg3 Qe2
37.Qb8+ Kh7 38.Rh3+ Nh5 39.Qf4 Rd3+  0-1

[Event "FIDE Women's World Teams"]
[Site "Mardin TUR"]
[Date "2011.12.27"]
[Round "9"]
[White "Pham Le Thao Nguyen"]
[Black "Muzychuk,M"]
[Result "1/2-1/2"]
[WhiteElo "2341"]
[BlackElo "2460"]

1.d4 f5 2.Nf3 Nf6 3.g3 g6 4.Bg2 Bg7 5.O-O O-O 6.c4 d6 7.Nc3 Nc6 8.b3 e5 9.Bb2 e4
10.Ne1 d5 11.Nc2 Be6 12.cxd5 Nxd5 13.Qd2 Nce7 14.Na4 b6 15.Rac1 Qe8 16.Rfd1 Rd8
17.e3 g5 18.Ba3 Qh5 19.Bxe7 Nxe7 20.Nc3 c5 21.Bf1 Nc6 22.Qe2 Qf7 23.d5 Bxd5
24.Nxd5 Rxd5 25.Rxd5 Qxd5 26.Qc4 Qf7 27.Rd1 Ne5 28.Qxf7+ Kxf7 29.Na3 Ke7
30.Bb5 Rd8 31.Rxd8 Kxd8 32.Nc4 Nf3+ 33.Kg2 Be5 34.h3 Kc7 35.Be8 Bc3 36.a4 Ne1+
37.Kf1 Nd3 38.Bf7 Kd7 39.Bd5 Nc1 40.g4 fxg4 41.hxg4 h6 42.Bxe4 Nxb3 43.Ke2 Na5
44.Nxa5 Bxa5 45.Bd3 Kd6 46.Bc4 Ke5 47.f3 Bc3 48.Kd3 Be1 49.Ba6 Kd5 50.Bb7+ Kd6
51.Ba6 Bf2 52.Bc4 Kc6 53.Bb5+ Kb7 54.Bc4  1/2-1/2

[Event "1st St Leon-Rot Open"]
[Site "Sankt Leon-Rot GER"]
[Date "2011.12.27"]
[Round "2"]
[White "Horn,H"]
[Black "Gschnitzer,O"]
[Result "0-1"]
[WhiteElo "1999"]
[BlackElo "2466"]

1.d4 f5 2.g3 Nf6 3.Bg2 g6 4.Nf3 Bg7 5.c4 O-O 6.O-O d6 7.Nc3 Qe8 8.d5 a5 9.Nd4 Na6
10.a3 Nc5 11.Ndb5 Qd8 12.Na4 Nfe4 13.Nxc5 Nxc5 14.Rb1 Bd7 15.Be3 a4 16.b4 axb3
17.Bxc5 dxc5 18.Qxb3 Ra5 19.a4 Rf6 20.Qe3 b6 21.Ra1 Rf8 22.Ra3 f4 23.Qc1 Be5
24.gxf4 Bxf4 25.e3 Bh6 26.f4 Bg7 27.Kh1 e5 28.dxe6 Bxe6 29.Rd1 Qe7 30.Nc3 Bxc4
31.Nd5 Bxd5 32.Bxd5+ Kh8 33.e4 c4 34.Rf3 Rxa4  0-1

[Event "48th Groningen Open A"]
[Site "Groningen NED"]
[Date "2011.12.28"]
[Round "7.1"]
[White "Rapport,R"]
[Black "Zherebukh,Y"]
[Result "1/2-1/2"]
[WhiteElo "2534"]
[BlackElo "2594"]

1.d4 f5 2.g3 Nf6 3.Bg2 g6 4.Nf3 Bg7 5.c4 O-O 6.O-O d6 7.Nc3 Qe8 8.Nd5 Nxd5
9.cxd5 h6 10.Qb3 Qf7 11.Bd2 a5 12.Rfc1 a4 13.Qc4 c6 14.e3 e6 15.dxc6 bxc6
16.Bb4 Rd8 17.Ba3 Bb7 18.Nd2 Bf8 19.Qe2 d5 20.Bxf8 Qxf8 21.f4 Nd7 22.Nf3 Rdc8
23.Qd2 Ba6 24.Rc2 Bc4 25.Bf1 Bxf1 26.Rxf1 c5 27.dxc5 Rxc5 28.Rxc5 Qxc5 29.Rc1 Qb6
30.Nd4 Rb8 31.b3 axb3 32.axb3 Nc5 33.Qc3 Ne4 34.Qc7 Qxc7 35.Rxc7 g5 36.Kg2 g4
37.Rc6 Kf7 38.Rc7+ Kf6 39.Rh7 Kg6 40.Rc7 Kf6 41.Rc6 Kf7 42.Rc2 h5 43.Kf1 Ra8
44.b4 Ra1+ 45.Kg2 Rb1 46.b5 Ke7 47.Rc7+ Kd6 48.Rc6+ Kd7 49.Rxe6 Rb2+ 50.Kg1 Rb1+
51.Kg2 Rb2+ 52.Kg1 Rb1+  1/2-1/2

[Event "Cracovia Open A"]
[Site "Krakow POL"]
[Date "2011.12.30"]
[Round "4.2"]
[White "Moranda,W"]
[Black "Sivuk,V"]
[Result "1/2-1/2"]
[WhiteElo "2568"]
[BlackElo "2432"]

1.d4 f5 2.g3 Nf6 3.Bg2 g6 4.Nf3 Bg7 5.O-O O-O 6.c4 d6 7.Nc3 c6 8.b4 e5 9.dxe5 dxe5
10.e4 Qxd1 11.Rxd1 fxe4 12.Ng5 Bg4 13.Re1 Na6 14.Rb1 Nc7 15.Ngxe4 Nxe4 16.Nxe4 Ne6
17.h3 Bf5 18.g4 Bxe4 19.Bxe4 a6 20.a4 Bf6 21.Be3 Bg5 22.Bg2 Rae8 23.b5 axb5
24.cxb5 Bxe3 25.Rxe3 Nf4 26.a5 Nxg2 27.Kxg2 Rd8 28.bxc6 bxc6 29.Rbe1 c5 30.Rxe5 c4
31.R5e2 c3 32.Rc1 Rd2 33.Kf1 Ra8 34.Rxc3 Rxe2 35.Kxe2 Rxa5 36.Rc8+ Kg7 37.Rc7+ Kg8
38.Kf3 h5 39.Kf4 hxg4 40.hxg4 Kf8 41.Rd7 Rb5 42.f3 Ra5 43.Ke4 Rb5 44.f4 Ra5
45.Rd5 Ra1 46.Rd7 Ra5 47.Rc7 Rb5 48.Kd4 Ra5 49.Rc5 Ra7 50.Ke5 Ke7 51.Rb5 Kf7
52.Kd6 Ra6+ 53.Kc5 Ra1  1/2-1/2

[Event "XLI Rilton Cup 2011-12"]
[Site "Stockholm SWE"]
[Date "2011.12.30"]
[Round "4"]
[White "Kenneskog,Theodor"]
[Black "Martynov,P2"]
[Result "1-0"]
[WhiteElo "2123"]
[BlackElo "2211"]

1.d4 f5 2.g3 g6 3.Bg2 Bg7 4.Nf3 Nf6 5.O-O O-O 6.c4 d6 7.Nc3 Qe8 8.Re1 Qf7
9.b3 Ne4 10.Bb2 Nc6 11.Rc1 a5 12.e3 h6 13.Qe2 e6 14.Nxe4 fxe4 15.Nd2 d5 16.f3 exf3
17.Bxf3 Kh7 18.Rf1 Bd7 19.Bxd5 Qe7 20.Be4 Rxf1+ 21.Rxf1 a4 22.Bxg6+ Kxg6
23.Qd3+ Kh5 24.g4+ Kxg4 25.Kh1 Kh4 26.Qg6 Rf8 27.Nf3+ Rxf3 28.Rxf3 e5 29.Rf7  1-0

[Event "Cracovia Open A"]
[Site "Krakow POL"]
[Date "2012.01.02"]
[Round "7.30"]
[White "Slabek,G"]
[Black "Stremavicius,T"]
[Result "0-1"]
[WhiteElo "2051"]
[BlackElo "2179"]

1.d4 f5 2.Nf3 Nf6 3.g3 g6 4.Bg2 Bg7 5.O-O O-O 6.c4 d6 7.d5 Nbd7 8.Nd4 Ne5
9.b3 Bd7 10.Bb2 Qc8 11.Nc3 c5 12.Ne6 Bxe6 13.dxe6 Rb8 14.Bd5 a6 15.a4 f4
16.gxf4 Nxd5 17.Nxd5 Nc6 18.Bxg7 Kxg7 19.e3 Qxe6 20.Qf3 Qf7 21.Qg4 e6 22.Nc3 d5
23.Rad1 Rbd8 24.h4 Ne7 25.h5 Qf6 26.Ne2 Nf5 27.cxd5 exd5 28.Qg2 Nh4 29.Qg4 Rg8
30.h6+ Kxh6 31.Rd3 g5 32.Ng3 gxf4 33.Qh5+ Kg7 34.exf4 Kh8 35.Rxd5 Rxd5 36.Qxd5 Qxf4
37.Rd1 Nf5 38.Qd3 Nxg3 39.fxg3 Rxg3+ 40.Qxg3 Qxg3+  0-1

[Event "Cracovia Open A"]
[Site "Krakow POL"]
[Date "2012.01.04"]
[Round "9.6"]
[White "Sadzikowski,D"]
[Black "Sivuk,V"]
[Result "1/2-1/2"]
[WhiteElo "2380"]
[BlackElo "2432"]

1.d4 f5 2.Nf3 g6 3.g3 Bg7 4.Bg2 Nf6 5.c4 O-O 6.O-O d6 7.Nc3 c6 8.d5 e5 9.dxe6 Bxe6
10.b3 Na6 11.Bb2 Qe7 12.Ng5 Bd7 13.Qd2 Rad8 14.Rad1 Bc8 15.e3 Nc5 16.b4 Ne6
17.Nf3 Ng4 18.Qc2 Ne5 19.Ne2 Qf7 20.Rc1 g5 21.b5 f4 22.bxc6 bxc6 23.exf4 gxf4
24.gxf4 Nxf4 25.Nxf4 Qxf4 26.Nxe5 Bxe5 27.Bxe5 dxe5 28.Qe4 c5 29.Qxf4 exf4
30.Rfd1 Rxd1+ 31.Rxd1 f3 32.Bh1 Be6 33.Rd3 Bxc4 34.Rc3 Bxa2 35.Bxf3 Be6 36.Bc6 c4
37.f3 Rb8 38.Ra3 Rc8 39.Be4 Rc7 40.Kf2 c3 41.Bc2 Bf7 42.Ke2 Kg7 43.Kd1 Bd5
44.Be4 Bxe4 45.fxe4 Kg6 46.Ra5 h5 47.h4 Re7 48.Ra6+ Kg7 49.Ra5  1/2-1/2

[Event "TCh-CZE Extraliga 2011-12"]
[Site "Czech Republic CZE"]
[Date "2012.01.07"]
[Round "5.4"]
[White "Lipka,J"]
[Black "Bartel,Mat"]
[Result "0-1"]
[WhiteElo "2443"]
[BlackElo "2627"]

1.Nf3 f5 2.d4 Nf6 3.g3 g6 4.Bg2 Bg7 5.O-O O-O 6.c4 d6 7.Nc3 c6 8.d5 e5 9.dxe6 Bxe6
10.Bf4 Bxc4 11.Bxd6 Re8 12.Ba3 Qa5 13.Nd2 Bf7 14.Nb3 Qb6 15.Bc5 Qa6 16.Qc2 Nbd7
17.Bd4 Rac8 18.e4 fxe4 19.Nxe4 Nxe4 20.Bxg7 Kxg7 21.Bxe4 Qc4 22.Qxc4 Bxc4
23.Rfe1 Bxb3 24.axb3 Nc5 25.Bc2 Rxe1+ 26.Rxe1 Kf6 27.Rd1 Rc7 28.f4 Ne6 29.Kf2 c5
30.Rd6 Ke7 31.Rd5 Rc6 32.Be4 Rb6 33.Bc2 c4 34.Ke3 cxb3 35.Bd1 Rc6 36.Rb5 Nc5
37.Bxb3 a6 38.Rb4 a5 39.Rb5 b6 40.Bg8 Kf8 41.Ba2 Na6 42.Bd5 Rd6 43.Bc4 Nc7
44.Rb3 a4 45.Rc3 b5 46.Ba2 Rd7 47.Rc5 Ke7 48.Bg8 Kd6 49.Re5 Kc6 50.g4 Nd5+
51.Kf3 b4 52.Re4 Nf6 53.Re6+ Rd6 54.Rxd6+ Kxd6 55.Bf7 b3 56.Ke3 Nxg4+ 57.Kd4 Nh6
58.Bc4 Nf5+ 59.Kc3 Kc5 60.Bg8 h6 61.Bf7 Ne3 62.Kd2 Nd5 63.Bxg6 Nxf4 64.Bf7 Kb4
65.Ke3 Ng2+ 66.Ke4 Kc5 67.Kd3 Nf4+ 68.Kc3 Ne2+ 69.Kd3 Nd4 70.Kc3 Nb5+ 71.Kd3 Kb4
72.h4 Nd6 73.Be6 h5 74.Kd4 Kb5 75.Bd7+ Ka5 76.Be6 Kb4 77.Kd3 Kb5 78.Bd7+ Ka5
79.Be6 Kb4 80.Kd4 Ne8 81.Bf7 Nf6 82.Kd3 Kb5 83.Kd4 Kb4 84.Kd3 Kc5 85.Kc3 Ne4+
86.Kd3 Nf2+ 87.Kd2 Kd4 88.Be8 a3 89.bxa3 Ne4+ 90.Kc1 Kc3 91.Bg6 Nd2 92.a4 b2+
93.Kd1 Nc4 94.Bh7 Ne3+  0-1

[Event "TCh-NED Meesterklasse 2011-12"]
[Site "Netherlands NED"]
[Date "2012.01.07"]
[Round "5.6"]
[White "De Jong,JW"]
[Black "Van Oosterom,C"]
[Result "1/2-1/2"]
[WhiteElo "2424"]
[BlackElo "2389"]

1.d4 f5 2.g3 Nf6 3.Bg2 g6 4.Nf3 Bg7 5.O-O O-O 6.c4 d6 7.Nc3 c6 8.Rb1 Qc7
9.d5 Na6 10.b3 Kh8 11.Bb2 e5 12.dxe6 Bxe6 13.Nd4 Bg8 14.Qc2 Rad8 15.Rbd1 Qe7
16.e3 d5 17.cxd5 Nxd5 18.Nxd5 Bxd5 19.Ne2 Nb4 20.Bxg7+ Qxg7 21.Qc5 Bxg2 22.Kxg2 Nd5
23.h4 Qb2 24.Qd4+ Qxd4 25.Rxd4 c5 26.Ra4 a6 27.Rc1 Rc8 28.Ra5 Nb4 29.Raxc5 Rxc5
30.Rxc5 Nxa2 31.Rc7 b5 32.Ra7 Nb4 33.Nd4 Kg8 34.Ne6 Rc8 35.Kf3 Re8 36.Ng5 h5
37.Nf7 Re6 38.Kf4 Nd3+ 39.Kg5 Nxf2 40.Nh6+ Kf8 41.Ra8+ Ke7 42.Ng8+ Kf7 43.Nh6+ Ke7
44.Ng8+ Kd7 45.Nf6+ Kc7 46.b4 Kb7 47.Rd8 Rxe3 48.Kxg6 Rxg3+ 49.Kxf5 Rf3+
50.Ke6 Re3+ 51.Kf5  1/2-1/2

[Event "5th Gora Swietej Anny"]
[Site "Gora Swietej Anny POL"]
[Date "2012.01.12"]
[Round "2.1"]
[White "Wielosz,J"]
[Black "Malaniuk,V"]
[Result "0-1"]
[WhiteElo "1877"]
[BlackElo "2512"]

1.d4 f5 2.g3 Nf6 3.Bg2 g6 4.Nf3 Bg7 5.c4 O-O 6.O-O d6 7.Nc3 c6 8.Rb1 Nbd7
9.d5 cxd5 10.cxd5 Nc5 11.Nd2 Bd7 12.b4 Na6 13.Qb3 Rc8 14.Bb2 Qe8 15.Nc4 g5
16.Na5 f4 17.Rbc1 Qh5 18.Ne4 Nxe4 19.Bxe4 Rxc1 20.Bxc1 Qxe2 21.Bf3 Qe5 22.Bd2 Qd4
23.Qd1 fxg3 24.Nb3 gxh2+ 25.Kh1 Qh4 26.Qe2 Bh3 27.Bg2 Bxg2+ 28.Kxg2 g4 29.Kh1 Qh3
30.Re1 Be5 31.Bg5 Nxb4 32.Bxe7 Nd3 33.Bxf8 Nxe1 34.Qxe1 Qf3+  0-1